| Tag |
First Indicator |
Second Indicator |
Subfields |
| LEADER |
00000cam a2200000La 4500 |
| 001 |
in00002000883 |
| 005 |
20220105141413.0 |
| 006 |
m u |
| 007 |
cr cn--------- |
| 008 |
020612s2002 nyua sb 001 0 eng d |
| 020 |
|
|
|a 0585403961 (electronic bk.)
|
| 035 |
|
|
|a (OCoLC)ocm50322236
|
| 040 |
|
|
|a N$T
|c N$T
|d OCLCQ
|d UtOrBLW
|
| 049 |
|
|
|a TXAM
|
| 050 |
1 |
4 |
|a QH545.A77
|b E58 2002eb
|
| 082 |
0 |
4 |
|a 577.27/5715
|2 21
|
| 245 |
0 |
0 |
|a Environmental chemistry of arsenic /
|c edited by William T. Frankenberger, Jr.
|
| 264 |
|
1 |
|a New York :
|b Marcel Dekker,
|c [2002]
|
| 264 |
|
4 |
|c ©2002
|
| 300 |
|
|
|a xiii, 391 pages :
|b illustrations ;
|c 24 cm.
|
| 336 |
|
|
|a text
|b txt
|2 rdacontent
|
| 337 |
|
|
|a computer
|b c
|2 rdamedia
|
| 338 |
|
|
|a online resource
|b cr
|2 rdacarrier
|
| 490 |
1 |
|
|a Books in soils, plants, and the environment
|
| 504 |
|
|
|a Includes bibliographical references and index.
|
| 533 |
|
|
|a Electronic reproduction.
|b Boulder, Colo. :
|c NetLibrary,
|d 2002.
|n Available via World Wide Web.
|n Access may be limited to NetLibrary affiliated libraries.
|
| 500 |
|
|
|a Electronic resource.
|
| 650 |
|
0 |
|a Arsenic
|x Environmental aspects.
|0 http://id.loc.gov/authorities/subjects/sh2009115620
|
| 650 |
|
0 |
|a Environmental chemistry.
|0 http://id.loc.gov/authorities/subjects/sh85044168
|
| 655 |
|
7 |
|a Electronic books.
|2 local
|
| 700 |
1 |
|
|a Frankenberger, W. T.
|q (William T.),
|d 1952-
|0 http://id.loc.gov/authorities/names/n94030025
|
| 710 |
2 |
|
|a NetLibrary, Inc.
|0 http://id.loc.gov/authorities/names/no99080690
|
| 776 |
1 |
|
|c Original
|z 0824706765
|
| 830 |
|
0 |
|a Books in soils, plants, and the environment.
|0 http://id.loc.gov/authorities/names/n90667428
|
| 856 |
4 |
1 |
|u https://proxy.library.tamu.edu/login?url=http://www.netLibrary.com/urlapi.asp?action=summary&v=1&bookid=68164
|z An electronic book accessible through the World Wide Web; click for information
|t 0
|
| 948 |
|
|
|a cataloged
|b h
|c 2004/10/22
|d c
|e jgreene
|f 4:41:11 pm
|
| 994 |
|
|
|a E0
|b TXA
|
| 999 |
|
|
|a MARS
|
| 999 |
f |
f |
|s 204fb3e5-53a0-3d66-98bc-0af8435654b6
|i e6be5c38-c215-3671-9bfe-dbcf56e6265e
|t 0
|
| 952 |
f |
f |
|a Texas A&M University
|b College Station
|c Electronic Resources
|d Available Online
|t 0
|e QH545.A77 E58 2002eb
|h Library of Congress classification
|
| 998 |
f |
f |
|a QH545.A77 E58 2002eb
|t 0
|l Available Online
|